00320nam a2200133Ia 4500003000900000008004100009040001300050040001300063100003000076245005200106260001400158300000800172490000600180IT-RoPAU120407s9999 xx 000 0 und d aIT-RoPAU cIT-RoPAU aCesare Marongiu Buonaiuti aNon expedit. Storia di una politica (1866-1919) aGiuffrè c cm v1